Central Library OPAC University of Rajshahi

Modern genetics / (Record no. 12810)

MARC details
000 -LEADER
fixed length control field 00703nam a22002412 4500
001 - CONTROL NUMBER
control field 12810
003 - CONTROL NUMBER IDENTIFIER
rucl marc code BD-RjUL
005 - DATE AND TIME OF LATEST TRANSACTION
control field 20211208235347.0
008 - FIXED-LENGTH DATA ELEMENTS--GENERAL INFORMATION
fixed length control field 140129s1973 enka b 001 0 eng d
020 ## - INTERNATIONAL STANDARD BOOK NUMBER
International Standard Book Number 126372012
035 ## - SYSTEM CONTROL NUMBER
System control number (BD-RjUL)12860
040 ## - CATALOGING SOURCE
Original cataloging agency DLC/ICU
Transcribing agency CGU
Modifying agency UKM
-- BD-RjUL
Language of cataloging eng
041 ## - LANGUAGE CODE
Language code of text/sound track or separate title eng
082 00 - DEWEY DECIMAL CLASSIFICATION NUMBER
Classification number 575.1
Author mark and year SEM 1973
100 1# - MAIN ENTRY--PERSONAL NAME
Personal name Serra, J. A.
Fuller form of name (Jose Antunes),
Dates associated with a name 1914-
9 (RLIN) 39686
245 10 - TITLE STATEMENT
Title Modern genetics /
Statement of responsibility, etc. J. A. Serra
Number of part/section of a work Volume I
260 ## - PUBLICATION, DISTRIBUTION, ETC. (IMPRINT)
Place of publication, distribution, etc. London ;
-- New York :
Name of publisher, distributor, etc. Academic Press,
Date of publication, distribution, etc. 1973.
300 ## - PHYSICAL DESCRIPTION
Pagination xii, 540 p. :
Illustrations ill. ;
Size 24 cm.
504 ## - BIBLIOGRAPHY, ETC. NOTE
Bibliography, etc Includes bibliographical references and index.
650 #0 - SUBJECT ADDED ENTRY--TOPICAL TERM
Topical term or geographic name as entry element Genetics.
9 (RLIN) 39687
942 ## - ADDED ENTRY ELEMENTS (KOHA)
Source of classification or shelving scheme Dewey Decimal Classification
Koha item type Books
Holdings
Lost status Source of classification or shelving scheme Materials specified (bound volume or other part) Damaged status Not for loan Collection code Permanent Location Current Location Shelving location Date acquired Source of acquisition Cost, normal purchase price Total Checkouts Full call number Date last seen Copy number Koha item type
  Dewey Decimal Classification V-1     Non-fiction Central Library, University of Rajshahi Central Library, University of Rajshahi   18/05/1977 Heffer and Sons 37.30   575.1 SEM 1973 29/01/2014 C-2 Books